Bahasa,Makna dan Konteks

Bibliographic Details
Main Author: Lyons,John
Format: Book
Published: Kuala Lumpur : Dewan Bahasa dan Pustaka,Kementerian Pendidikan Malaysia , 1994
Subjects:

MARC

LEADER 00000cam a2200000 7i4500
001 0000005721
005 20101221.0
008 101221 bm
020 |a 9836243674 
090 0 0 |a 401.43 LYO 
100 1 |a Lyons,John 
245 1 0 |a Bahasa,Makna dan Konteks   |c John Lyons 
260 |a Kuala Lumpur :   |b Dewan Bahasa dan Pustaka,Kementerian Pendidikan Malaysia ,   |c 1994 
300 |a viii,233p. ;   |c 22cm. 
650 0 0 |a Semantics 
999 |a 106227   |b Buku   |c Rak Terbuka   |e Perbadanan Perpustakaan Awam Melaka 
999 |a 35461   |b Buku   |c Rak Terbuka   |e Perpustakaan Cawangan Jasin